000 00485nam a2200145Ia 4500
008 090122s9999 xx 000 0 und d
082 _b7726
_a181.4
100 _aघैसास
_bदिवाकर
_cअनंत
245 _aसमर्थांची बोधसुधा
600 _aघैसास
630 _aसमर्थांची बोधसुधा
700 _aघैसास
730 _aसमर्थांची बोधसुधा
942 _cBOOK
999 _c31803
_d31803